00347nam a22001337a 4500003000400000008004100004020001800045082001200063100002700075245006000102250001200162260003100174300000800205OSt240323b |||||||| |||| 00| 0 eng d a9788119100019 a621 EAM aMADE EASY PUBLICATIONS aGATE-2024 Previous Solved Papers Mechanical Engineering a10th Ed aNew DelhibMade Easyc2023 a788